000 00644nam a2200193Ia 4500
008 151121s9999||||xx |||||||||||||| ||und||
082 _a525/तमिली
082 _bHNW-76070
100 _aतमीलिन अनातोले
245 _aपृथ्वी की खोज
260 _b"अरुण प्रकाशन, न। दिल्ली।"
260 _c--
300 _a187
600 _aतमीलिन अनातोले
630 _aपृथ्वी की खोज
700 _aतमीलिन अनातोले
730 _aपृथ्वी की खोज
942 _cBOOK
999 _c1257500
_d1257497